Las reformas electorales en perspectiva comparada en América Latina /
Enregistré dans:
| Auteur principal: | |
|---|---|
| Format: | Livre |
| Langue: | Spanish |
| Tags: |
Ajouter un tag
Pas de tags, Soyez le premier à ajouter un tag!
|
MARC
| LEADER | 00000nam a22000007a 4500 | ||
|---|---|---|---|
| 003 | cru CIDCACS/IIS | ||
| 005 | 20170921132108.0 | ||
| 007 | ta | ||
| 008 | 170921b2010 cr |||p|r|||| 00| 0 spa d | ||
| 999 | |c 40479 |d 40479 | ||
| 040 | |c cru CIDCACS/IIS | ||
| 100 | 1 | |9 5672 |a Orozco Henríquez, Jesús | |
| 245 | 1 | 4 | |a Las reformas electorales en perspectiva comparada en América Latina / |c Jesús Orozco Henríquez |
| 300 | |a páginas 5-25 | ||
| 773 | 0 | |0 40478 |9 1348 |a Costa Rica. Tribunal Supremo de Elecciones |d San José, Costa Rica: Tribunal Supremo de Elecciones 2006- |o 17629 |t Revista de Derecho Electoral / | |
| 942 | |2 ddc |c PP | ||
